000 00350nam a22001457a 4500
008 221219b ||||| |||| 00| 0 eng d
020 _a9781401833480
041 _aeng
080 _23rd edition
_a616.8
082 _a616.8STE
100 _a13
101 _aBIO
245 _aADVANCED MEDICAL TRANSCRIPTION COURSE
_cSTEWART C.L.D
942 _2udc
_cBK
999 _c59204
_d59204